000 00653nam a2200217Ii 4500
001 1357
003 CO-ViMGA
008 241108s9999||||xx |||||||||||||| ||und||
020 _a9681662792
040 _aCO-ViMGA
_bspa
_erda
_cCO-ViMGA
041 0 _aspa
084 _aC MOR6
100 1 _aSusie Morgenstern
_952309
245 1 0 _aLas princesas también van a la escuela
264 1 _a[Lugar de publicación no identificado] : Fondo de Cultura Económica, 2002
300 _avolumen
336 _atext
_btxt
_2rdacontent
337 _aunmediated
_bn
_2rdamedia
338 _avolume
_bnc
_2rdacarrier
940 _aidficha_siabuc: 1329. -- ficha_no_siabuc:1357
999 _c47092
_d47092